| 000 | 00857 a2200241 4500 | ||
|---|---|---|---|
| 020 | _a9780470018279 | ||
| 020 | _a0470018275 | ||
| 035 | _a(OCoLC)123111611 | ||
| 040 |
_aDLC _bDLC |
||
| 082 | _a005.8 | ||
| 100 | 1 | _aLittle, David B. | |
| 245 | 1 | 0 |
_aDigital data integrity: the evolution from passive protection to active management _bthe evolution from passive protection to active management _cDavid B. Little, Skip Farmer, Oussama El-Hilali |
| 260 |
_aChichester : _bJohn Wiley, _c2007. |
||
| 300 |
_axvi, 240 p. : _bill. ; _c26 cm. |
||
| 500 | _aIncludes index. | ||
| 650 | 0 | _aData protection. | |
| 650 | 0 | _aDatabase management. | |
| 650 | 0 | _aData recovery (Computer science). | |
| 650 | 0 |
_aElectronic data processing _xBackup processing alternatives. |
|
| 700 | 1 | _aFarmer, Skip. | |
| 700 | 1 | _aEl-Hilali, Oussama. | |
| 942 |
_cBK _k005.8 LIT _2ddc |
||
| 999 |
_c6687 _d6687 |
||